| 000 | 00533nam a2200169 a 4500 | ||
|---|---|---|---|
| 001 | 000047449 | ||
| 005 | 20201002060539.0 | ||
| 008 | 180530s2016 dr a 000 spa d | ||
| 020 | _a9789945588835 | ||
| 040 |
_aDO-SdBNP _bspa _cBNPHU |
||
| 082 |
_axxx _bH557e |
||
| 100 | 1 |
_aHernández, Alfredo Rafael _935011 |
|
| 245 | 3 |
_aLa educación en la vega. : _bAlfredo Rafael Hernández. |
|
| 260 |
_aSanto Domingo : _bDirección General de la Feria del Libro, _c2016. |
||
| 300 |
_a338 p. : _bil ; _c23 cm. |
||
| 590 | _aInventariado,2018/DG | ||
| 999 |
_c46937 _d46937 |
||